| 000 | 00714nam a2200193 a 4500 | ||
|---|---|---|---|
| 005 | 20210223120654.0 | ||
| 008 | 991125s1970 mx 000 0 spa u | ||
| 035 | _aUPN01000005161 | ||
| 049 | _aCG | ||
| 050 | 4 |
_aLE7.3919 CH2 _bA8.2 |
|
| 110 | 2 |
_aUniversidad Autónoma de Chapingo. _bColegio de Postgraduados |
|
| 245 | 1 | 0 |
_aAvances en la enseñanza y la investigación / _cUniversidad Autónoma de Chapingo, Colegio de Postgraduados. |
| 260 |
_aChapingo : _bUACH, Colegio de Postgraduados, _c[197-]. |
||
| 300 | _av. | ||
| 520 | _aLa biblioteca tiene el v.5 (1 de febrero 1977 a 31 de enero 1978) | ||
| 650 | 4 |
_aAGRICULTURA - _xINVESTIGACION _92014 |
|
| 610 | 2 | 4 | _aUNIVERSIDAD AUTONOMA DE CHAPINGO |
| 905 | _aLibro | ||
| 999 |
_c5161 _d5161 |
||